Largest Towns in Kalmar - Statistics

General Stats
  • This quiz has been taken 17 times
  • The average score is 10 of 20
Answer Stats
Population Town % Correct
41,852 Kalmar
100%
21,472 Västervik
93%
18,921 Oskarshamn
86%
13,599 Nybro
79%
4,401 Borgholm
71%
6,130 Färjestaden
64%
5,186 Mönsterås
64%
1,802 Mörbylånga
57%
5,675 Hultsfred
50%
8,231 Vimmerby
50%
5,054 Emmaboda
43%
1,971 Högsby
43%
3,730 Smedby
36%
2,042 Torsås
36%
5,977 Lindsdal
29%
2,322 Blomstermåla
21%
1,831 Ljungbyholm
21%
2,826 Gamleby
14%
1,659 Rinkabyholm
14%
1,844 Virserum
14%
No matching quizzes found
Score Distribution
Percent of People with Each Score
Percentile by Number Answered
Your Score History
You have not taken this quiz